000 01009naa a2200205 a 4500
003 BD-RjUL
005 20230208115610.0
008 230208s1985 u ||||| |||| 00| 0 a d
035 _a(BD-RjUL)
040 _aBD-RjUL
_beng
_cBD-RjUL
041 _aara
082 _223
_a332.1091767
_bNAA 1985
100 1 _aAl-Najjar, Ahmed Mohamed Abdel Aziz النجار، أحمد محمد عبد العزيز
_96902
245 1 4 _aالأصالة والمعاصرة في منهج التنمية الشاملة : بنوك بلا فوائد : قضية بنوك الادخار المحلية // al'asalat walmueasarat fi manhaj altanmiat alshaamilat : banuk bila fawayid : qadiat banuk alaidikhar almahaliya /
_cAhmed Mohamed Abdulaziz Al-Najjar, أحمد محمد عبدالعزيز النجار
250 _a2nd.ed.
260 _a القاهرة:
_bالاتحاد الدولي للبنوك الإسلامية ,
_c1985
300 _a354 p. ;
_c23 cm
650 _aIslami Bank
_zBangladesh
_96903
942 _2ddc
_cBK
999 _c81192
_d81192